Droll stories (Record no. 6604)

MARC details
000 -CABECERA
campo de control de longitud fija 00685nam a2200229 a 4500
001 - NÚMERO DE CONTROL
campo de control BRCA_6922
005 - FECHA Y HORA DE LA ÚLTIMA TRANSACCIÓN
campo de control 20190320205637.0
008 - DATOS DE LONGITUD FIJA--INFORMACIÓN GENERAL
campo de control de longitud fija 161111s1928----u--a######---#000-0#eng-#
041 ## - CÓDIGO DE LENGUA
Código de lengua del texto/banda sonora o título independiente eng
044 ## - CÓDIGO DEL PAÍS DE LA ENTIDAD EDITORA/PRODUCTORA
Código MARC del país u
050 #4 - SIGNATURA TOPOGRÁFICA DE LA BIBLIOTECA DEL CONGRESO
Número de clasificación PQ2161
Número de documento/Ítem B69 1928
100 1# - ENTRADA PRINCIPAL--NOMBRE DE PERSONA
Nombre de persona Balzac, Honoré de
Fechas asociadas al nombre 1799-1850
9 (RLIN) 17251
245 10 - MENCIÓN DE TÍTULO
Título Droll stories
Mención de responsabilidad, etc. by Honoré de Balzac ; edited by Ernest Boyd ; illustrated by Ralph Barton
260 ## - PUBLICACIÓN, DISTRIBUCIÓN, ETC.
Lugar de publicación, distribución, etc. Nueva York
Nombre del editor, distribuidor, etc. Garden City
Fecha de publicación, distribución, etc. [c1928]
300 ## - DESCRIPCIÓN FÍSICA
Extensión 2 v. en 1
Otras características físicas il.
Dimensiones 24 cm.
500 ## - NOTA GENERAL
Nota general O141
650 14 - PUNTO DE ACCESO ADICIONAL DE MATERIA--TÉRMINO DE MATERIA
Término de materia o nombre geográfico como elemento de entrada Literatura francesa
9 (RLIN) 17252
700 1# - PUNTO DE ACCESO ADICIONAL--NOMBRE DE PERSONA
Nombre de persona Boyd, Ernest Augustus
Fechas asociadas al nombre 1887-1946
Término indicativo de función/relación ed.
9 (RLIN) 17253
700 1# - PUNTO DE ACCESO ADICIONAL--NOMBRE DE PERSONA
Nombre de persona Barton, Ralph
Término indicativo de función/relación il.
9 (RLIN) 17254
902 ## - CATALOGADOR
Iniciales GFM
942 ## - ELEMENTOS DE PUNTO DE ACCESO ADICIONAL (KOHA)
Fuente del sistema de clasificación o colocación Library of Congress Classification
Tipo de ítem Koha Libros
Holdings
Estado de retiro Estado de pérdida Estado dañado No para préstamo Localización permanente Ubicación/localización actual Fecha de adquisición Número de inventario Total de préstamos Signatura topográfica completa Código de barras Fecha visto por última vez Precio válido a partir de Tipo de ítem Koha
El ejemplar forma parte de la colección y puede ser consultado según las políticas vigentes.       Biblioteca del Museo Franz Mayer (Rogerio Casas-Alatriste) Biblioteca del Museo Franz Mayer (Rogerio Casas-Alatriste) 16/11/2011 O141   PQ2161 B69 1928 (O141) 7369 22/03/2019 22/03/2019 Libros